Bruce Springsteen with the Sessions Band live in Dublin

Hlavní autor: Springsteen, Bruce, 1949-
Korporativní autor: Sessions Band
Jazyk: Angličtina
Vydáno: [Praha] : Sony Music Entertainment Czech Republic, 2009
Témata:
DVD
Fyzický popis: 1 DVD-video (2 hod. 10 min.)
Video
Uloženo v:
LEADER 01501ngm a2200397 a 4500
001 001227184
003 CZ BrMZK
005 20120831111421.0
007 vd|c|||||
008 120628p20092007xr e v|eng
040 |a BOA001  |b cze 
043 |a n-us--- 
045 |a x4y1 
072 7 |a 78.07  |x Hudebníci, skladatelé a jiná hudební povolání  |2 Konspekt  |9 9 
072 7 |a 929  |x Biografie  |2 Konspekt  |9 8 
080 |a 929  |2 MRF 
080 |a 78.071.1/.2  |2 MRF 
080 |a 78.036.071.2  |2 MRF 
080 |a (73)  |2 MRF 
080 |a (0.034.44)  |2 MRF 
100 1 |a Springsteen, Bruce,  |d 1949-  |7 ola2002149293  |4 sng 
245 1 0 |a Bruce Springsteen with the Sessions Band  |h [videozáznam] :  |b live in Dublin 
246 3 0 |a Live in Dublin 
260 |a [Praha] :  |b Sony Music Entertainment Czech Republic,  |c 2009 
300 |a 1 DVD-video (2 hod. 10 min.) 
500 |a Původní fonogram p2007 Bruce Springsteen 
600 1 7 |a Springsteen, Bruce,  |d 1949-  |7 ola2002149293  |2 czenas 
648 4 |a 1949-2012 
648 7 |a 20.-21. století  |7 ch462155  |2 czenas 
650 0 7 |a rockoví hudebníci  |7 ph125178  |z Spojené státy americké  |y 20.-21. stol.  |2 czenas 
650 0 7 |a rockoví zpěváci  |7 ph311279  |z Spojené státy americké  |y 20.-21. stol.  |2 czenas 
655 7 |a DVD  |7 fd186912  |2 czenas 
710 2 |a Sessions Band  |7 pna2012704615 
910 |a BOA001  |b CDR2-1289.500 
990 |a VI 
996 6 |b 2610515816  |c CDR2-1289.500  |l Stud. periodik/2.patro  |r Sklad / do 1 hodiny  |n 0  |p p.v.  |w 001264992  |u 000010  |a 1  |e BOA001  |j MZK50  |s P